Statistics for Country Creation Puzzle #4

Click here to take the quiz!

General Stats

  • This quiz has been taken 41 times
  • The average score is 4 of 6

Answer Stats

Country % Correct
Thailand
81%
Portugal
73%
Cameroon
65%
Sri Lanka
54%
Botswana
51%
Maldives
46%

Score Distribution

Percentile by Number Answered

Percent of People with Each Score

Your Score History

You have not taken this quiz